Jeux Olympiques 2024 - Classement des pays - Statistiques

Statistiques générales
  • Ce quiz a été pris 629 fois
  • Le résultat moyen est 16 sur 20
Statistiques - réponses
# Pays O A B Total % Correct
2 Chine 40 27 24 91
99%
1 États-Unis 40 44 42 126
99%
4 France 16 26 22 64
99%
6 Japon 20 12 13 45
96%
3 Grande-Bretagne 14 22 28 65
94%
5 Australie 18 19 16 53
92%
15 Espagne 5 4 9 18
92%
7 Italie 12 13 15 40
91%
9 Allemagne 12 13 8 33
90%
11 Canada 9 7 11 27
88%
12 Brésil 3 7 10 20
86%
10 Corée du Sud 13 9 10 32
81%
19 Suède 4 4 3 11
79%
8 Pays-Bas 15 7 12 34
77%
13 Nouvelle-Zélande 10 7 3 20
70%
14 Hongrie 6 7 6 19
55%
20 Kenya 4 2 5 11
55%
16 Ouzbékistan 8 2 3 13
45%
18 Ukraine 3 5 4 12
42%
17 Iran 3 6 3 12
25%
Aucun quiz correspondant
Distribution des résultats
% des personnes avec chaque résultat
Percentile par nombre de réponses
Votre historique - résultats
Vous n’avez pas pris ce quiz